| 000 | 00418pab a2200157 454500 | ||
|---|---|---|---|
| 008 | 180718b2012 xxu||||| |||| 00| 0 eng d | ||
| 100 | _aSen, Indrani | ||
| 245 | _aResisting patriarchy: Complexities and conflicts in the memoir of Haimabati Sen | ||
| 260 | _c2012 | ||
| 300 | _ap.55-62. | ||
| 362 | _a24 Mar | ||
| 650 | _aSen, Haimabati | ||
| 773 | _aEconomic and Political Weekly | ||
| 908 | _aN | ||
| 909 | _a96302 | ||
| 999 |
_c96302 _d96302 |
||